Scottish Open Snooker Winners - Statistics

General Stats
  • This quiz has been taken 12 times
  • The average score is 16 of 32
Answer Stats
Year Country Winner % Correct
1999 Scotland Stephen Hendry
78%
1997 Scotland Stephen Hendry
78%
1993 Scotland Stephen Hendry
78%
1989 England Steve Davis
78%
1988 England Steve Davis
78%
1987 England Steve Davis
78%
1984 England Steve Davis
78%
1983 England Steve Davis
78%
1981 England Steve Davis
78%
1985 Canada Cliff Thorburn
67%
2017 Australia Neil Robertson
67%
2000 England Ronnie O'Sullivan
67%
1998 England Ronnie O'Sullivan
67%
1996 Scotland John Higgins
56%
1995 Scotland John Higgins
56%
2020 England Mark Selby
56%
2019 England Mark Selby
56%
2004 England Jimmy White
44%
2021 Belgium Luca Brecel
44%
2018 Northern Ireland Mark Allen
44%
2001 England Peter Ebdon
44%
2012 China Ding Junhui
33%
2023 England Gary Wilson
33%
2022 England Gary Wilson
33%
2016 Hong Kong Marco Fu
33%
2025 England Chris Wakelin
22%
1994 England John Parrott
22%
2024 China Lei Peifan
22%
1982 England Tony Knowles
22%
1986 England Neal Foulds
11%
2003 England David Gray
0%
2002 England Stephen Lee
0%
No matching quizzes found
Score Distribution
Percent of People with Each Score
Percentile by Number Answered
Your Score History
You have not taken this quiz